1595 1322 1851 1629 1055 1578 1241 1320 1375 1208 1941 1275 1431 1545 1455 1630 1250 1126 1602 1773 1075 1844 1168 1898 1352 1719 1223 1419 1386 1895 1970 1892 1477 1322 1773 1736 1444 1165 1743 1156 1168 1387 1869 1046 1771 1096 1466 1961 1005 1021 1377 1627 1336 1434 1855 1172 1465 1415 1365 1587 1403 1876 1671 1812 1119 1455 1590 1319 1874 1003 1343 1753 1735 1141 1630 1235 1412 1902 1949 1760 1546 1565 1296 1060 1637 1900 1240 1790 1820 1075 1660 1482 1422 1156 1095 1439 1130 1777 1889 BCNSPRNW ULIB Ver.6.0+V

เปลี่ยนเป็นภาษาไทย

Change to English
 แสดงรายละเอียดบรรณานุกรม
  กลับหน้าหลัก

Brief Record : Get Marc (ISO 2709) : E-mail record : QR code < ปิดหน้าต่าง
LEADER : 00000nam 2200000uu 4500
001    13399113708
003     ULIB
008    111219s||||||||th 000 0 tha d
020    ^a9789746521826
050  4 ^aQH581.2^bก768ซ
100 0  ^aเกล็ดแก้ว ด่านวิวัฒน์
245 10 ^aเซลล์ชีววิทยา =^bCell biology /^cเกล็ดแก้ว ด่านวิวัฒน์
246 31 ^aCell biology
250    ^aพิมพ์ครั้งที่ 1
260    ^aกรุงเทพฯ :^bไอกรุ๊ป เพรส,^c2553
300    ^av, 145 หน้า :^bภาพประกอบ. ;^c21 ซม.
650  4 ^aเซลล์
650  4 ^aเซลล์วิทยา
650  4 ^aชีวโมเลกุล
945    ^p185^l0^i030841
945    ^p185^l0^i031328
945    ^p185^l0^i031329
995    ^a เกษร
999    ^aใช้งานได้ทุกระบบ
รายการนี้ยังไม่มีแท็ก
คุณยังไม่ได้ล็อกอิน คุณสามารถมีกิจกรรมร่วมกับเว็บไซต์ได้ แต่ต้องล็อกอินก่อน ::
  ล็อกอิน

รายการสื่อสารสนเทศ

ลำดับที่ ประเภท เลขเรียก/บาร์โค้ด สถานที่ สถานะ
- ไม่พบข้อมูล -

รายการใกล้เคียง
    ผู้แต่ง [เกล็ดแก้ว ด่านวิวัฒน์]

    หัวเรื่อง [เซลล์]
    หัวเรื่อง [เซลล์วิทยา]
    หัวเรื่อง [ชีวโมเลกุล]

BibComment


ยังไม่เคยถูกคอมเมนท์

คอมเมนท์ทรัพยากรรายการนี้
  คอมเมนท์: เซลล์ชีววิทยา C..


 Copyright 2026. Bcnsprnw @Library